Vysoké školy na (euro) cestě k inovacím managementu (facility management, risk management, diversity management) sborník z 2. mezinárodní vědecké konference konané dne 20. května 2008 v Rajské budově VŠE v Praze

Salvato in:
Dettagli Bibliografici
Enti autori: Vysoké školy na (euro) cestě k inovacím managementu (Facility management, Risk management, Diversity management). Mezinárodní vědecká konference, Fakulta podnikohospodářská VŠE. Katedra managementu, Vysoká škola báňská - Technická univerzita. Fakulta stavební, Moravská vysoká škola v Olomouci
Altri autori: Švecová, Lenka
Natura: Libro
Lingua:ceco
slovacco
Pubblicazione: Praha VŠE - Fakulta podnikohospodářská 2008
Tags: Aggiungi Tag
Nessun Tag, puoi essere il primo ad aggiungerne!!

MARC

LEADER 00000nlm$a2200000$$$4500
001 0081711
005 20240822101655.9
041 0 |a cze 
041 0 |a slo 
044 |a CZ 
245 1 0 |a Vysoké školy na (euro) cestě k inovacím managementu (facility management, risk management, diversity management)  |b sborník z 2. mezinárodní vědecké konference konané dne 20. května 2008 v Rajské budově VŠE v Praze  |c Lenka Švecová - editor 
264 1 |a Praha  |b VŠE - Fakulta podnikohospodářská  |c 2008 
300 |a CD-ROM 
700 1 |a Švecová, Lenka 
110 2 |a Vysoké školy na (euro) cestě k inovacím managementu (Facility management, Risk management, Diversity management). Mezinárodní vědecká konference 
710 2 |a Fakulta podnikohospodářská VŠE. Katedra managementu 
710 2 |a Vysoká škola báňská - Technická univerzita. Fakulta stavební 
710 2 |a Moravská vysoká škola v Olomouci